Guess the Rapper (jumbled up letters) - Statistics

General Stats
  • This quiz has been taken 544 times
  • The average score is 10 of 15
Answer Stats
Hint Answer % Correct
c2ap 2Pac
96%
mneeim Eminem
90%
rd edr Dr. Dre
85%
gy YG
85%
nopos gdog Snoop Dogg
79%
j elco J. Cole
77%
dcnirkek marla Kendrick Lamar
75%
ill ewnya Lil Wayne
74%
05 tenc 50 Cent
60%
het rootniuos gbi The Notorious B.I.G
60%
p yiddd P. Diddy
59%
12 aaesgv 21 Savage
54%
karde Drake
54%
eyakn setw Kanye West
34%
gtay Tyga
30%
No matching quizzes found
Score Distribution
Percent of People with Each Score
Percentile by Number Answered
Your Score History
You have not taken this quiz